LEADER 02170nam0-2200349---450- 001 990008540850403321 005 20070719124739.0 010 $a978-88-8342-501-1 035 $a000854085 035 $aFED01000854085 035 $a(Aleph)000854085FED01 035 $a000854085 100 $a20070719d2007----km-y0itay50------ba 101 0 $aita 102 $aIT 105 $a--------001cy 200 1 $aDiario di un laico$eviaggi, incontri e scontri sulla legge per la procreazione assistita$fCarlo Flamigni 210 $aBologna$cPendragon$d©2007 215 $a324 p.$d22 cm 330 $aUn libro di attualità che getta una luce attenta, competente e appassionata sulla discussa legge 40, quella che regola la procreazione assistita in Italia e che è stata oggetto di un?aspra battaglia culminata nel referendum del 2005. Carlo Flamigni, una delle voci più autorevoli della comunità scientifica internazionale, si è battuto a lungo in favore di un approccio laico dello Stato in materia di procreatica, la scienza medica che aiuta la riproduzione umana, anche dopo il fallimento del suddetto referendum. Infatti negli ultimi anni ha svolto un?incessante attività di incontri, conferenze, divulgazione e sensibilizzazione a questi temi, sempre a contatto con la gente, direttamente o attraverso la televisione. Tutto questo è narrato nel presente libro che ha le caratteristiche di un vero diario di bordo, con racconti ed aneddoti del tutto personali, raffronti con le leggi di altri Paesi in materia, ma anche approfondimenti scientifici, per rendere più chiari i termini di una questione di cui molti parlano senza conoscerla a fondo. Da questo mosaico, pulsante di vita e di energia, scaturisce un vero e proprio trattato sul significato e il valore della laicità. 610 0 $aFecondazione artificiale 610 0 $aBioetica 676 $a174.957$v21$zita 676 $a618.178$v21$zita 700 1$aFlamigni,$bCarlo$f<1933- >$0260456 801 0$aIT$bUNINA$gRICA$2UNIMARC 901 $aBK 912 $a990008540850403321 952 $a174.957 FLA 1$b3519$fBFS 959 $aBFS 996 $aDiario di un laico$9710147 997 $aUNINA LEADER 02764nam 2200637Ia 450 001 9910784371603321 005 20230928234747.0 010 $a0-8166-8664-5 035 $a(CKB)1000000000347101 035 $a(EBL)310364 035 $a(OCoLC)476094128 035 $a(SSID)ssj0000138507 035 $a(PQKBManifestationID)11136464 035 $a(PQKBTitleCode)TC0000138507 035 $a(PQKBWorkID)10100731 035 $a(PQKB)11546454 035 $a(MiAaPQ)EBC310364 035 $a(OCoLC)232159884 035 $a(MdBmJHUP)muse38995 035 $a(Au-PeEL)EBL310364 035 $a(CaPaEBR)ebr10159455 035 $a(CaONFJC)MIL523427 035 $a(EXLCZ)991000000000347101 100 $a19960805d1996 uy 0 101 0 $aeng 135 $aur|n|---||||| 181 $ctxt$2rdacontent 182 $cc$2rdacontent 183 $acr$2rdacarrier 200 10$aDiasporic mediations $ebetween home and location /$fR. Radhakrishnan 210 1$aMinneapolis :$cUniversity of Minnesota Press,$d1996. 215 $a1 online resource (249 pages) 311 0 $a0-8166-2641-3 311 0 $a0-8166-2640-5 320 $aIncludes bibliographical references and index. 327 $aContents; Acknowledgments; Introduction; 1 The Changing Subject and the Politics of Theory; 2 Toward an Effective Intellectual: Foucault or Gramsci?; 3 Ethnic Identity and Poststructuralist Differance; 4 Culture as Common Ground: Ethnicity and Beyond; 5 Canonicity and Theory: Toward a Poststructuralist Pedagogy; 6 Negotiating Subject Positions in an Uneven World; 7 Cultural Theory and the Politics of Location; 8 Postcoloniality and the Boundaries of Identity; 9 Nationalism, Gender, and the Narrative of Identity; 10 Is the Ethnic ""Authentic"" in the Diaspora?; Index 330 $aIn the heated, often rancorous debates that are the "culture wars," identity politics has been at the center of both popular and academic discussion. In this series of meditations on the relationship between theory and practice, R. Radhakrishnan probes the intersections of poststructuralism and postcoloniality that lie at the heart of contemporary controversies over identity and difference. 606 $aPostmodernism$xSocial aspects 606 $aCulture 606 $aEthnicity 606 $aIdentity (Psychology) 615 0$aPostmodernism$xSocial aspects. 615 0$aCulture. 615 0$aEthnicity. 615 0$aIdentity (Psychology) 676 $a301.01 676 $a301/.01 676 $a306 700 $aRadhakrishnan$b R$g(Rajagopalan)$0855363 801 0$bMiAaPQ 801 1$bMiAaPQ 801 2$bMiAaPQ 906 $aBOOK 912 $a9910784371603321 996 $aDiasporic mediations$93764508 997 $aUNINA